Sme vynaliezaví a poriadne podkutí

Ak chce obchodník prežiť, musí poznať potreby zákazníka a musí si ho vedieť udržať. Zákazníci sa však menia. Aký je súčasný zákazník. Momentálne sa orientuje na nízke ceny a zľavy.

Gespeichert in:
Bibliographische Detailangaben
1. Verfasser: Košťál, Daniel
Format: Buchkapitel
Sprache:Slowakisch
Schlagworte:
Tags: Tag hinzufügen
Keine Tags, Fügen Sie das erste Tag hinzu!

MARC

LEADER 00000naa$a2200000$$$4500
001 0110823
005 20231128094602.9
041 0 |a slo 
044 |a SK 
245 1 0 |a Sme vynaliezaví a poriadne podkutí  |c Daniel Košťál 
520 |a Ak chce obchodník prežiť, musí poznať potreby zákazníka a musí si ho vedieť udržať. Zákazníci sa však menia. Aký je súčasný zákazník. Momentálne sa orientuje na nízke ceny a zľavy. 
610 2 0 |a obchod 
610 2 0 |a obchodníci 
610 2 0 |a zákazníci 
610 2 0 |a ceny 
610 2 0 |a zľavy obchodné 
100 1 |a Košťál, Daniel